| 000 | 00743nam a2200193 a 4500 | ||
|---|---|---|---|
| 001 | BRCA_1848 | ||
| 005 | 20190320203556.0 | ||
| 008 | 050608s1992----sp-a---###---#000-0#spa-# | ||
| 020 | _a8460427374 | ||
| 050 | 4 |
_aN8080.J8 _b.O78 1992 |
|
| 100 | 1 |
_aOrtega Lazáro, Luis _95739 |
|
| 245 | 1 | 0 | _aPara la historia de la orden hospitalaria de San Juan de Dios en Hispanoamérica y Filipinas. |
| 260 |
_aMadrid _bSecretariado Permanente Interprovincial Hermanos de San Juan de Dios _c1992 |
||
| 300 |
_a865 p. _bil. _c25 cm. |
||
| 610 | 2 | 4 |
_aOrden Hospitalaria de San Juan de Dios _xHistoria _zAmérica Latina y Filipinas _95740 |
| 610 | 2 | 4 |
_aOrden Hospitalaria de San Juan de Dios _zNueva España _95741 |
| 653 | 0 | _aOrdenes religiosas | |
| 942 |
_2lcc _cB |
||
| 999 |
_c1626 _d1626 |
||